[Event "POL-ch U15 Qual"]
[Site "Jastrzebia Gora"]
[Date "2021.11.17"]
[Round "4"]
[White "Bajer, Tomasz"]
[Black "Turowski, Maciej"]
[Result "1/2-1/2"]
[WhiteElo "1308"]
[BlackElo "1540"]
[PlyCount "118"]
[EventDate "2021.11.15"]
[EventType "swiss"]
[EventRounds "9"]
[EventCountry "POL"]
[SourceTitle "EXT 2023"]
[Source "ChessBase"]
[SourceDate "2022.10.05"]
[SourceVersion "1"]
[SourceVersionDate "2022.10.05"]
[SourceQuality "1"]

1. Nf3 c5 2. g3 g6 3. Bg2 Bg7 4. 0-0 Nc6 5. d3 e6 6. Nc3 Nge7 7. Ne4 d6 8. Bf4 e5 9. Bg5 f5 10. Nf6+ Kf7 11. Nd5 h6 12. Bxe7 Nxe7 13. Nd2 Be6 14. c4 Bxd5 15. cxd5 h5 16. Nf3 Bh6 17. e4 g5 18. h4 g4 19. Nd2 f4 20. f3 Rg8 21. Qe1 Ke8 22. fxg4 Rxg4 23. Rf3 fxg3 24. Bh3 Ng6 25. Bxg4 hxg4 26. Rxg3 Qxh4 27. Nf1 Bf4 28. Rg2 Qh3 29. Qe2 g3 30. Nxg3 Bxg3 31. Qf3 Bh2+ 32. Kf2 Qxf3+ 33. Kxf3 Nh4+ 34. Kf2 Nxg2 35. Rh1 Nf4 36. Rxh2 Kf7 37. Rh7+ Kf6 38. Rxb7 Nxd3+ 39. Ke3 Nb4 40. a3 Nc2+ 41. Kd3 Nd4 42. Rd7 Rb8 43. Rxd6+ Ke7 44. Ra6 Rb3+ 45. Kc4 Rxb2 46. Rxa7+ Kd6 47. Ra6+ Kc7 48. Kxc5 Rc2+ 49. Kb4 Re2 50. Kc5 Rc2+ 51. Kb4 Re2 52. Kc5 Rxe4 53. Ra7+ Kb8 54. Re7 Nf5 55. d6 Kc8 56. Kd5 Nxe7+ 57. dxe7 Kd7 58. Kxe4 Kxe7 59. Kxe5 Kd7 1/2-1/2

[Event "POL-ch U15 Qual"]
[Site "Jastrzebia Gora"]
[Date "2021.11.16"]
[Round "3"]
[White "Turowski, Maciej"]
[Black "Choina, Jan"]
[Result "0-1"]
[WhiteElo "1540"]
[BlackElo "1485"]
[PlyCount "76"]
[EventDate "2021.11.15"]
[EventType "swiss"]
[EventRounds "9"]
[EventCountry "POL"]
[SourceTitle "EXT 2023"]
[Source "ChessBase"]
[SourceDate "2022.10.05"]
[SourceVersion "1"]
[SourceVersionDate "2022.10.05"]
[SourceQuality "1"]

1. c4 c5 2. g3 Nc6 3. Bg2 g6 4. e3 Bg7 5. Ne2 e6 6. Nbc3 Nge7 7. d4 cxd4 8. exd4 d5 9. cxd5 Nxd5 10. 0-0 0-0 11. Qb3 Na5 12. Qd1 Nc6 13. Be3 Nxe3 14. fxe3 Qg5 15. Qd3 Bh6 16. Nf4 e5 17. Ne4 Qd8 18. Nd5 f5 19. Nef6+ Rxf6 20. Nxf6+ Qxf6 21. Qb3+ Kh8 22. d5 Nd8 23. e4 Qb6+ 24. Qxb6 axb6 25. Rfe1 Nf7 26. a4 Bd7 27. b3 Nd6 28. Ra2 fxe4 29. Bxe4 Nxe4 30. Rxe4 Bg7 31. Rb4 Bf8 32. Rc4 Bd6 33. Rac2 Ra5 34. Rd2 Bc5+ 35. Kg2 Bd4 36. Rc7 Rxd5 37. Rxb7 Bc6 38. Ra7 Rd7+ 0-1

[Event "Ustron op-C"]
[Site "Ustron"]
[Date "2021.08.20"]
[Round "9"]
[White "Turowski, Maciej"]
[Black "Golis, Wiktor"]
[Result "1/2-1/2"]
[WhiteElo "1479"]
[BlackElo "1529"]
[PlyCount "66"]
[EventDate "2021.08.13"]
[EventType "swiss"]
[EventRounds "9"]
[EventCountry "POL"]
[SourceTitle "EXT 2022"]
[Source "ChessBase"]
[SourceDate "2021.10.06"]
[SourceVersion "1"]
[SourceVersionDate "2021.10.06"]
[SourceQuality "1"]

1. d4 Nf6 2. c4 e6 3. Nc3 Bb4 4. Nf3 b6 5. g3 Bb7 6. Bg2 Ne4 7. Bd2 Bxc3 8. Bxc3 0-0 9. 0-0 f5 10. Qb3 a5 11. Rfd1 d6 12. Nd2 Nxc3 13. Qxc3 Bxg2 14. Kxg2 Nd7 15. f4 Nf6 16. Qd3 Qd7 17. e4 Rae8 18. Re1 g6 19. Re3 fxe4 20. Nxe4 Nxe4 21. Rxe4 d5 22. Re5 Qc6 23. cxd5 exd5 24. Rae1 Rxe5 25. Rxe5 Re8 26. Qc3 Qxc3 27. bxc3 Rxe5 28. fxe5 Kf7 29. Kf3 Ke6 30. Ke3 b5 31. Kd3 c6 32. a3 h6 33. Ke3 Kf5 1/2-1/2